Ako môžu vydavatelia uspieť vo svete digitálneho obsahu? Pohľad cez medzníky historického vývoja technológií

Od zrodu myšlienky po prvý použiteľný počítač. Evolúcia digitálneho publikovania - adaptácia a flexibilita vydavateľstiev vo svete digitálu. Koexistencia tlače a digitálu.

Gespeichert in:
Bibliographische Detailangaben
1. Verfasser: Miklošík, Andrej
Weitere Verfasser: Horváthová, Barbara
Format: Buchkapitel
Sprache:Slowakisch
Schlagworte:
Tags: Tag hinzufügen
Keine Tags, Fügen Sie das erste Tag hinzu!

MARC

LEADER 00000naa a2200000 4500
001 0198257
005 20240502073341.4
041 0 |a slo 
044 |a SK 
245 1 0 |a Ako môžu vydavatelia uspieť vo svete digitálneho obsahu? Pohľad cez medzníky historického vývoja technológií  |c Andrej Miklošík, Barbara Horváthová 
520 |a Od zrodu myšlienky po prvý použiteľný počítač. Evolúcia digitálneho publikovania - adaptácia a flexibilita vydavateľstiev vo svete digitálu. Koexistencia tlače a digitálu. 
610 2 0 |a história 
610 2 0 |a tlač 
610 2 0 |a nakladateľstvá 
610 2 0 |a vydavateľstvá 
610 2 0 |a digitalizácia 
610 2 0 |a technológie informačné 
610 2 0 |a technológie komunikačné 
100 1 |a Miklošík, Andrej 
700 1 |a Horváthová, Barbara